<?xml version="1.0" encoding="UTF-8"?><marc:collection xmlns:marc="http://www.loc.gov/MARC21/slim">
  <marc:record>
    <marc:leader>00000nam##2200000za#4500</marc:leader>
    <marc:controlfield tag="001">9.644001</marc:controlfield>
    <marc:controlfield tag="003">CaOODSP</marc:controlfield>
    <marc:controlfield tag="005">20210624224434</marc:controlfield>
    <marc:controlfield tag="007">cr |||||||||||</marc:controlfield>
    <marc:controlfield tag="008">150407|1991||||xxc|||||o    f|0| 0 fre|d</marc:controlfield>
    <marc:datafield tag="040" ind1=" " ind2=" ">
      <marc:subfield code="a">CaOODSP</marc:subfield>
      <marc:subfield code="b">fre</marc:subfield>
    </marc:datafield>
    <marc:datafield tag="043" ind1=" " ind2=" ">
      <marc:subfield code="a">n-cn---</marc:subfield>
    </marc:datafield>
    <marc:datafield tag="086" ind1="1" ind2=" ">
      <marc:subfield code="a">PS4-188/1991F-PDF</marc:subfield>
    </marc:datafield>
    <marc:datafield tag="110" ind1="1" ind2=" ">
      <marc:subfield code="a">Canada.</marc:subfield>
      <marc:subfield code="b">Protection civile Canada.</marc:subfield>
    </marc:datafield>
    <marc:datafield tag="245" ind1="1" ind2="4">
      <marc:subfield code="a">Une base de données canadienne des désastres / </marc:subfield>
      <marc:subfield code="h">[ressource électronique]</marc:subfield>
      <marc:subfield code="c">par M. Provencher, Évaluation et analyse. </marc:subfield>
    </marc:datafield>
    <marc:datafield tag="246" ind1="1" ind2="7">
      <marc:subfield code="a">Base de données des désastres de PCC, issue de la base de données des désastres du CRED</marc:subfield>
    </marc:datafield>
    <marc:datafield tag="260" ind1=" " ind2=" ">
      <marc:subfield code="a">Ottawa - Ontario : </marc:subfield>
      <marc:subfield code="b">Protection civile Canada </marc:subfield>
      <marc:subfield code="c">Décembre 1991.</marc:subfield>
    </marc:datafield>
    <marc:datafield tag="300" ind1=" " ind2=" ">
      <marc:subfield code="a">70p.</marc:subfield>
      <marc:subfield code="b">tableaux</marc:subfield>
    </marc:datafield>
    <marc:datafield tag="500" ind1=" " ind2=" ">
      <marc:subfield code="a">« Rapport technique 91-2 ».</marc:subfield>
    </marc:datafield>
    <marc:datafield tag="520" ind1="3" ind2=" ">
      <marc:subfield code="a">Le CRED avait développé une base de données mondiale sur les désastres laquelle fut mise à jour des l'information canadienne sur réecption de la publication «Désastres canadiens importants» de PCC. Depuis, la partie canadienne de celle-ci a été isolée et modifiée pour mieux satisfaire aux exigences de PCC. De manière à refléter les différents changements faits depuis la réception de la base de données du CRED, il a été décideé d'appeler cette base de données canadienne des désastres : «Base de données des désastres de PCC issue de la base de données des désastres du CRED» et à l'occasion on l'appelle simplement «Base de données des désastres de PCC» par soucis de brièveté.</marc:subfield>
    </marc:datafield>
    <marc:datafield tag="590" ind1=" " ind2=" ">
      <marc:subfield code="a">14-20-Supp</marc:subfield>
      <marc:subfield code="b">2014-11-25</marc:subfield>
    </marc:datafield>
    <marc:datafield tag="691" ind1="0" ind2="7">
      <marc:subfield code="a">Base de données</marc:subfield>
      <marc:subfield code="2">gcpds</marc:subfield>
    </marc:datafield>
    <marc:datafield tag="691" ind1="0" ind2="7">
      <marc:subfield code="a">Désastre</marc:subfield>
      <marc:subfield code="2">gcpds</marc:subfield>
    </marc:datafield>
    <marc:datafield tag="775" ind1="0" ind2="8">
      <marc:subfield code="t">A Canadian disaster database / </marc:subfield>
      <marc:subfield code="w">(CaOODSP)9.700091</marc:subfield>
    </marc:datafield>
    <marc:datafield tag="856" ind1="4" ind2="0">
      <marc:subfield code="a">http://publications.gc.ca</marc:subfield>
      <marc:subfield code="q">PDF</marc:subfield>
      <marc:subfield code="s">1.14 Mo</marc:subfield>
      <marc:subfield code="u">https://publications.gc.ca/collections/collection_2014/sp-ps/PS4-188-1991-fra.pdf</marc:subfield>
    </marc:datafield>
  </marc:record>
</marc:collection>
